The cultural nature of human development

-д хадгалсан:
Номзүйн дэлгэрэнгүй
Үндсэн зохиолч: Rogoff, Barbara (Зохиогч)
Формат: Ном
Хэл сонгох:англи
Хэвлэсэн: Nueva York Oxford University Press 2003
Хэвлэл:1a. ed
Нөхцлүүд:
Шошгууд: Шошго нэмэх
Шошго байхгүй, Энэхүү баримтыг шошголох эхний хүн болох!

MARC

LEADER 00000cam a2200000 a 4500
001 UCC4587
003 CL-VaPUC
008 180810e20030000us |||||||||||||||||eng|d
020 |a 9780195131338 
082 0 4 |a 153.42  |b ROG  |2 21 
100 0 |a Rogoff, Barbara  |e author  |9 598770 
245 1 4 |a The cultural nature of human development 
250 |a 1a. ed 
300 |a 434 p 
942 |c BK 
945 |d 20180810 15:16:00  |a dcastane 
260 |a Nueva York  |b Oxford University Press  |c 2003 
650 0 |a Desarrollo cognitivo  |9 311398 
650 0 |a Psicología del niño  |9 307305 
583 |a last modification  |c 20180810 15:16:00  |k Rodrigo Vera 
999 |c 372039  |d 372037 
952 |0 0  |1 0  |3 erd  |4 0  |6 153_420000000000000_ROG_2003  |7 0  |8 A  |9 489267  |a BIBEDU  |b BIBEDU  |i 5487374  |o 153.42 ROG 2003  |p 5487374  |r 2019-11-24  |w 2019-11-24  |y BK  |z Catalogado en:20180810  |k LIT